Psychology : (Record no. 18387)
[ view plain ]
| 000 -LEADER | |
|---|---|
| fixed length control field | 00896pam a2200277 a 4500 |
| 001 - CONTROL NUMBER | |
| control field | 015785195 |
| 003 - CONTROL NUMBER IDENTIFIER | |
| control field | OSt |
| 005 - DATE AND TIME OF LATEST TRANSACTION | |
| control field | 20141030111324.0 |
| 008 - FIXED-LENGTH DATA ELEMENTS--GENERAL INFORMATION | |
| fixed length control field | 110404t2012 xxua frbd 001 0 eng d |
| 020 ## - INTERNATIONAL STANDARD BOOK NUMBER | |
| International Standard Book Number | 9780071315753 (pbk.) |
| 020 ## - INTERNATIONAL STANDARD BOOK NUMBER | |
| International Standard Book Number | 0071315756 (pbk.) |
| 040 ## - CATALOGING SOURCE | |
| Original cataloging agency | StDuBDS |
| Language of cataloging | eng |
| Transcribing agency | StDuBDS |
| Modifying agency | Uk |
| -- | EG-ScBUE |
| 082 00 - DEWEY DECIMAL CLASSIFICATION NUMBER | |
| Classification number | 150 |
| Edition number | 22 |
| Item number | LAH |
| 100 1# - MAIN ENTRY--PERSONAL NAME | |
| Personal name | Lahey, Benjamin B. |
| 9 (RLIN) | 26196 |
| 245 10 - TITLE STATEMENT | |
| Title | Psychology : |
| Remainder of title | an introduction / |
| Statement of responsibility, etc | Benjamin B. Lahey. |
| 250 ## - EDITION STATEMENT | |
| Edition statement | 11th ed., |
| Remainder of edition statement | international student ed. |
| 260 ## - PUBLICATION, DISTRIBUTION, ETC. (IMPRINT) | |
| Place of publication, distribution, etc | New York, United States : |
| Name of publisher, distributor, etc | McGraw-Hill, |
| Date of publication, distribution, etc | c.2012 |
| Manufacturer | (Acid-Free Paper) |
| 300 ## - PHYSICAL DESCRIPTION | |
| Extent | [Various pagings] : |
| Other physical details | ill. (col.) ; |
| Dimensions | 28 cm. |
| 500 ## - GENERAL NOTE | |
| General note | Includes glossary. |
| 500 ## - GENERAL NOTE | |
| General note | Includes index. |
| 504 ## - BIBLIOGRAPHY, ETC. NOTE | |
| Bibliography, etc | Includes bibliographical references. |
| 650 #0 - SUBJECT ADDED ENTRY--TOPICAL TERM | |
| Topical term or geographic name as entry element | Psychology |
| 653 ## - INDEX TERM--UNCONTROLLED | |
| Resource For college | BAEPS, Business Administration |
| Arrived date list | September2014 |
| -- | October2014 |
| 655 ## - INDEX TERM--GENRE/FORM | |
| Form subdivision | |
| -- | 34232 |
| 942 ## - ADDED ENTRY ELEMENTS (KOHA) | |
| Source of classification or shelving scheme | Dewey Decimal Classification |
| Call number prefix | 150 LAH |
| Withdrawn status | Item status | Source of classification or shelving scheme | Damaged status | Not for loan | Vendor | Home library | Current library | Shelving location | Date acquired | Source of acquisition | Cost, normal purchase price | Total Checkouts | Total Renewals | Full call number | Barcode | Date last seen | Date last borrowed | Cost, replacement price | Koha item type |
|---|---|---|---|---|---|---|---|---|---|---|---|---|---|---|---|---|---|---|---|
| Dewey Decimal Classification | Baccah | Central Library | Central Library | Lower Floor | 18/09/2014 | Purchase | 260.00 | 17 | 25 | 150 LAH | 000036164 | 15/07/2025 | 04/11/2020 | 325.00 | Book - Borrowing | ||||
| Dewey Decimal Classification | Central Library | Central Library | Lower Floor | 18/09/2014 | Purchase | 260.00 | 17 | 28 | 150 LAH | 000036165 | 21/10/2025 | 05/10/2025 | 325.00 | Book - Borrowing | |||||
| Dewey Decimal Classification | Baccah | Central Library | Central Library | Lower Floor | 30/10/2014 | 260.00 | 4 | 24 | 150 LAH | 000036883 | 15/07/2025 | 25/02/2024 | 325.00 | Book - Borrowing |